| 000 | 01476nam a22004937a 4500 | ||
|---|---|---|---|
| 001 | BR2010004181 | ||
| 003 | BR-BrBNA | ||
| 005 | 20230928103537.0 | ||
| 007 | ta | ||
| 008 | 230509b bl.||||| |||| 00| 0 por d | ||
| 040 |
_aBR-BrBNA _bpor _cBiblioteca Nacional de Agricultura |
||
| 041 | _a(Por) | ||
| 072 |
_aQ02; Q04 _b1190 |
||
| 090 | _ 1190 BR2010004181 | ||
| 100 | 1 | _aMaia, G.A. | |
| 100 | 1 | _aOliveira, G.S.F. de | |
| 100 | 1 | _aFigueiredo, R.W. de | |
| 100 | 1 | _aGuimarães, A.C.L. | |
| 110 | 1 | _aUniversidade Federal do Ceará, Fortaleza, (Brasil). Centro de Ciências Agrárias | |
| 110 | 1 |
_aAssociação Brasileira de Educação Agrícola Superior, Brasília, DF (Brasil) _9275 |
|
| 245 | 1 |
_aTecnologia em processamento de sucos e polpas tropicais. Módulo 1 - matérias-primas (frutos)parte1 _bCurso de Especialização por Tutoria à Distância |
|
| 260 | 3 |
_aBrasília, DF (Brasil): _c1998. |
|
| 300 | _a108 p. | ||
| 500 | _aSeveral bibliography.; 52 tables | ||
| 650 | _aFRUTA TROPICAL | ||
| 650 | _aPROPRIEDADE FÍSICO-QUÍMICA | ||
| 650 | _aVALOR NUTRITIVO | ||
| 650 | _aBOTÂNICA | ||
| 650 | _aGOIABA | ||
| 650 | _aABACAXI | ||
| 650 | _aABRICÓ | ||
| 650 | _aACEROLA | ||
| 650 | _aBANANA | ||
| 650 | _aCAJÁ | ||
| 650 | _aCAJU | ||
| 650 | _aCARAMBOLA | ||
| 650 | _aCOCO | ||
| 650 | _aAÇAÍ | ||
| 650 | _aCUPUAÇU | ||
| 650 | _aMANGABA | ||
| 650 | _aPUPUNHA | ||
| 909 |
_a202309 _bLucia _c55 _dLucia Elande |
||
| 942 | _cBK | ||
| 999 |
_c75542 _d75542 |
||